Score 0/30 Timer 04:00
0 Plays Today
Clue 4-Letter Word % Correct
♬ Little Richard - 'Good Golly ____ Molly' ♬♬MISS♬
92.9%
♬ The Beatles - 'I Want to Hold Your ____' ♬♬HAND♬
90.3%
♬ 'Rock and Roll All Nite' rock band ♬♬KISS♬
84.5%
♬ Johnny Cash - 'I Walk the ____♬LINE♬
84.5%
Reddening on a person's skinRASH
73.3%
♬ 'Tom Sawyer' rock band ♬♬RUSH♬
67.9%
'Fountainhead' author AynRAND
66.9%
A loud overblown speechRANT
61.5%
♬ Genre of rock music ♬♬HARD♬
60.2%
♬ The Beatles - 'I Me ____' ♬♬MINE♬
55.3%
♬ American rapper - Rick ____♬ROSS♬
55%
Passionate desireLUST
53.7%
♬ Gospel singer-songwriter - J. ____♬MOSS♬
52.6%
Tamblyn who played Riff in 'West Side Story'RUSS
51.1%
♬ 'Lightning Crashes' rock band ♬♬LIVE♬
47%
Clue 4-Letter Word % Correct
♬ Mexican-American rapper - Baby ____♬BASH♬
46.4%
♬ 'Glycerine' rock band ♬♬BUSH♬
44.7%
To washLAVE
43.3%
♬ 'Ladykillers' rock band ♬♬LUSH♬
37.9%
♬ Mumford & Sons - 'The ____' ♬♬CAVE♬
32.2%
♬ 'Round and Round' rock band ♬♬RATT♬
29.2%
Artemis is the Greek goddess of thisHUNT
29.2%
♬ American singer-songwriter - Beth ____♬HART♬
24.3%
Alfred ____, American stage directorLUNT
24.1%
Change in something over timeRATE
21.2%
♬ 'The Distance' rock band ♬♬CAKE♬
20.6%
♬ 'Rapture' rock band ♬♬HURT♬
19.7%
♬ 'Madness' rock band ♬♬MUSE♬
17.6%
Issue in a writ of rightMISE
15.8%
♬ The Decemberists - 'The ____'s Song' ♬♬RAKE♬
15.2%

Today's Daily Dose

Remove Ads.
Support Sporcle.
Get the best of Sporcle when you Go Orange. This ad-free experience offers more features, more stats, and more fun while also helping to support Sporcle. Thank you for becoming a member.

You're not logged in!

Compare scores with friends on all Sporcle quizzes.
OR
Log In

Show Comments

Extras

Top Quizzes Today


Score Distribution

Your Account Isn't Verified!

In order to create a playlist on Sporcle, you need to verify the email address you used during registration. Go to your Sporcle Settings to finish the process.

Report this User

Report this user for behavior that violates our Community Guidelines.

Details: